The elements of social science / (Record no. 283822)
[ view plain ]
| 000 -LEADER | |
|---|---|
| fixed length control field | 00762cam a22002531 4500 |
| 001 - CONTROL NUMBER | |
| control field | 6382234 |
| 003 - CONTROL NUMBER IDENTIFIER | |
| control field | PILC |
| 005 - DATE AND TIME OF LATEST TRANSACTION | |
| control field | 20150505085142.0 |
| 008 - FIXED-LENGTH DATA ELEMENTS--GENERAL INFORMATION | |
| fixed length control field | 771107s1921 enk b 000 0 eng |
| 010 ## - LIBRARY OF CONGRESS CONTROL NUMBER | |
| LC control number | 21020955 |
| 035 ## - SYSTEM CONTROL NUMBER | |
| System control number | (OCoLC)3397839 |
| 040 ## - CATALOGING SOURCE | |
| Original cataloging agency | DLC |
| Transcribing agency | MeBa |
| Modifying agency | OCoLC |
| -- | DLC |
| 042 ## - AUTHENTICATION CODE | |
| Authentication code | premarc |
| 050 00 - LIBRARY OF CONGRESS CALL NUMBER | |
| Classification number | H 199 |
| Item number | .M152 1926 |
| 100 1# - MAIN ENTRY--PERSONAL NAME | |
| Personal name | Maciver, R.M. |
| Fuller form of name | (Robert Morrison), |
| Dates associated with a name | 1882-1970. |
| 245 14 - TITLE STATEMENT | |
| Title | The elements of social science / |
| Statement of responsibility, etc | R.M. MacIver. |
| 260 ## - PUBLICATION, DISTRIBUTION, ETC. (IMPRINT) | |
| Place of publication, distribution, etc | London: |
| Name of publisher, distributor, etc | Methuen & Co. LTD ; |
| Date of publication, distribution, etc | 1926. |
| 300 ## - PHYSICAL DESCRIPTION | |
| Extent | vi, 186 pages ; |
| Dimensions | 20 cm. |
| 500 ## - GENERAL NOTE | |
| General note | Includes appendices and index. |
| 504 ## - BIBLIOGRAPHY, ETC. NOTE | |
| Bibliography, etc | "Notes for further reading": p. 180-182. |
| 650 #0 - SUBJECT ADDED ENTRY--TOPICAL TERM | |
| Topical term or geographic name as entry element | Sociology. |
| 906 ## - LOCAL DATA ELEMENT F, LDF (RLIN) | |
| a | 7 |
| b | cbc |
| c | oclcrpl |
| d | u |
| e | ncip |
| f | 19 |
| g | y-gencatlg |
| 942 ## - ADDED ENTRY ELEMENTS (KOHA) | |
| Source of classification or shelving scheme | Library of Congress Classification |
| Koha item type | Books |
| Withdrawn status | Lost status | Source of classification or shelving scheme | Damaged status | Home library | Current library | Shelving location | Date acquired | Source of acquisition | Sub Shelving location | Total Checkouts | Full call number | Barcode | Date last seen | Price effective from | Koha item type |
|---|---|---|---|---|---|---|---|---|---|---|---|---|---|---|---|
| Library of Congress Classification | Southville International School Affiliated with Foreign Universities Library | Southville International School Affiliated with Foreign Universities Library | Southville Foreign University Section | 05/05/2015 | Library Fund | H 199 .M152 1926 | SFU1847 | 05/15/2018 | 05/05/2015 | Books |